000 00685nam a2200253Mc 4500
001 ocn962102858
003 TZ-ArACH
005 20251125144142.0
020 _a9786204843803
049 _aTZAA
050 _aK7311
_b.N36 2022
100 1 _aNg'ang'ira, Samuel
245 1 3 _aAfrique et la Cour pénale internationale (2005-2016)
_cSamuel Ng'ang'ira,
260 _aParis,
_bEditions Notre Savoir
_c2022
300 _a76 p.
_c21 cm.
653 _aAfrique
653 _acour penale internationale
653 _aCrime de guerre
653 _aUnion Africaine
653 _aStatut de Rome
653 _aCrime contre l'humanite
653 _aDirigeants africains
942 _2lcc
_cBOOK
999 _c7521
_d7521